01543nam a2200337 a 4500001001000000005001700010008004100027041000800068044000700076084001900083100005000102245007900152260003200231300002900263500016200292500011800454500006600572500009000638500001000728546002500738650005700763650006100820650003900881650005000920700003700970740005001007902000801057942001101065999001501076952011401091BRCA_313920190320204129.0050209s1866----fr-a---###---#000-0dfre-u afre afr a443b.J68 18661 aCervantes Saavedra, Miguel ded1547-1616921310aL´Ingéniuex Chevalier Don Quichotte de la Manchecpar Michel Cervantes. aParísbFurne Jouvetc1866 axvi, 623 p.bil.c30 cm. aContenido : Primera parte. Retrato de Cervantes. Vida de Cervantes. Prólogo del autor. Nota del traductor. Texto. Segunda parte. Prólogo del autor. Texto aEdición : Traduite nouvelle par Ch. Furne. Illustrée de 160 dessins par G. Roux gravés par Yon et Perrichon aEjemplar del todo igual al LO-442. Rústica Lúdovik Osterc aEstado físico : La encuadernación de cada tomo es en papel, recopilada en un tomo aQM366 aTexto en : francés14aNovela españolayÉpoca clásica, 1500-1700921514aLiteratura españolayÉpoca clásica, 1500-1700921614aNovela españolaySiglo XVII921714aDon Quijote (Personaje ficticio)eNovela92181 aFourne, OrtaireeTraductor985010 aEl Ingenioso Hidalgo Don Quijote de la Mancha aQFM 2lcccB c2875d2875 00104070aBRCAbBRCAd2009-02-05iQM366l0o443 .J68 1866 (QM366)p3136r2019-03-22 00:00:00w2019-03-22yB